|
|
|
|
| LEADER |
00000nam0a2200000 4500 |
| 001 |
41060 |
| 005 |
20231101210651.0 |
| 010 |
|
|
|a 5897980071
|
| 035 |
|
|
|a (RuTPU)RU\TPU\book\42128
|
| 090 |
|
|
|a 41060
|
| 100 |
|
|
|a 20020604d2000 m y0rusy50 ca
|
| 101 |
0 |
|
|a rus
|
| 102 |
|
|
|a RU
|
| 105 |
|
|
|a a z 001zy
|
| 200 |
1 |
|
|a Введение в общую культурно-историческую психологию
|f А. А. Шевцов
|
| 210 |
|
|
|a СПб.
|c Тропа Троянова
|d 2000
|
| 215 |
|
|
|a 544 с.
|c ил.
|
| 225 |
1 |
|
|a Культурно-историческая психология
|
| 320 |
|
|
|a Библиогр.: с. 516-525
|
| 600 |
|
0 |
|a Сократ
|c древнегреческий философ
|f около 470-399 до н.э.
|2 stltpui
|3 (RuTPU)RU\TPU\pers\432
|9 211
|
| 600 |
|
0 |
|a Аристотель
|c древнегреческий философ и учёный-энциклопедист из Стагиры
|f 384-322 до н.э.
|2 stltpui
|3 (RuTPU)RU\TPU\pers\24
|9 15
|
| 600 |
|
1 |
|a Декарт
|g Рене
|b Р.
|c французский философ, математик, физик и физиолог
|f 1596-1650
|2 stltpui
|3 (RuTPU)RU\TPU\pers\142
|
| 600 |
|
1 |
|a Вико
|g Джамбаттиста
|b Дж.
|c итальянский философ
|f 1668-1744
|2 stltpui
|3 (RuTPU)RU\TPU\pers\363
|
| 600 |
|
1 |
|a Вундт
|g Вильгельм Максимилиан
|b В. М.
|c немецкий психолог, физиолог, философ
|f 1832-1920
|2 stltpui
|3 (RuTPU)RU\TPU\pers\1909
|
| 600 |
|
1 |
|a Гердер
|b И. Г.
|c немецкий философ
|f 1744-1803
|g Иоганн Готфрид
|2 stltpush
|3 (RuTPU)RU\TPU\pers\10288
|9 2210
|
| 600 |
|
0 |
|a Геродот
|f 490/480 - около 425 г. до н.э.
|c древнегреческий историк
|2 stltpui
|3 (RuTPU)RU\TPU\pers\605
|
| 600 |
|
1 |
|a Кавелин
|g Константин Дмитриевич
|c российский историк
|f 1818 - 1885
|b К. Д.
|2 stltpui
|3 (RuTPU)RU\TPU\pers\1164
|
| 600 |
|
0 |
|a Платон
|f 428/427 - 348/347 гг. до н.э.
|c древнегреческий философ
|2 stltpui
|3 (RuTPU)RU\TPU\pers\374
|
| 600 |
|
1 |
|a Дильтей
|g Вильгельм
|f 1833 - 1911
|c немецкий историк культуры
|c философ
|b В.
|2 stltpui
|3 (RuTPU)RU\TPU\pers\583
|
| 610 |
1 |
|
|a психология
|
| 610 |
1 |
|
|a история
|
| 610 |
1 |
|
|a культура
|
| 610 |
1 |
|
|a античность
|
| 610 |
1 |
|
|a душа
|
| 686 |
|
|
|a Ю91
|v LBC/SL-A
|2 rubbk
|
| 700 |
|
1 |
|a Шевцов
|b А. А.
|
| 801 |
|
1 |
|a RU
|b 63413507
|c 20020604
|g PSBO
|
| 801 |
|
2 |
|a RU
|b 63413507
|c 20170112
|g PSBO
|
| 942 |
|
|
|c BK
|